LEADER 01196cam0 2200337 450 001 000017063 005 20090324184122.0 100 $a20081006d1965----km-y0itay50------ba 101 1 $aita$ceng 102 $aIT 105 $ay-------001yb 200 1 $a<>vita di J. M. Keynes$epersonalità e le teorie di un maestro del pensiero economico moderno$fR. F. Harrod 205 $a2. ed. 210 $aTorino$cG. Einaudi$dstampa 1965 215 $a777 p.$d19 cm 225 2 $aPiccola biblioteca Einaudi$v68 300 $aTrad. di Bruno Maffi. 300 $aComplemento di tit. in cop. 410 0$12001$aPiccola biblioteca Einaudi 451 0$1001000003491 500 10$a<>life of John Maynard Keynes$m$924001 610 1 $aMaynard Keynes, John 610 1 $aStoria del pensiero economico 676 $a923$v16$9Persone operanti nel campo delle scienze sociali 676 $a330.156$v19$9Scuole di pensiero economico. Keynesianismo 700 1$aHarrod,$bRoy Forbes$0526207 801 0$aIT$bUNIPARTHENOPE$c20081006$gRICA$2UNIMARC 912 $a000017063 951 $a031/44$b3901$cNAVA2$d2008 996 $aLife of John Maynard Keynes$924001 997 $aUNIPARTHENOPE LEADER 01574nam0 2200289 4500 001 000038315 005 20251008103426.0 010 $a9780226826202 100 $a20251008d2024----km-y0itay50------ba 101 0 $aeng 102 $aUK 105 $aa-------001yy 200 1 $aEconomy and interest$ea new presentation of the fundamental problems related to the economic role of the rate of interest and their solutions$fMaurice Allais$gtranslated by John Stephen Daly$gpreface to the American edition by Bertrand Munier 210 $aChicago$cThe University of Chicago Press$d2024$aLondon 215 $aXL, 820 p.$d24 cm. 327 0 $aEconomia e interesse è la prima traduzione in inglese dell'opera fondamentale di Allais, le cui scoperte hanno anticipato di decenni le formulazioni accettate da altri famosi economisti. Pochi studiosi hanno ampliato i confini della modellizzazione conomica più dell'economista francese Maurice Allais i cui contributi gli sono valsi il Premio Nobel e hanno suscitato paragoni con le opere di Paul Samuelson e persino di alcuni moderni economisti comportamentali matematici. 500 10$aEconomy and interest$94404960 610 1 $aEconomia finanziaria$ainteressi$aTasso 676 $a332.8$v23$9Economia finanziaria. Interesse 700 1$aAllais,$bMaurice$0121556 702 1$aMunier,$bBertrand$4080 702 1$aDaly,$bJohn Stephen$4730 801 0$aIT$bUNIPARTHENOPE$c20251008$gRICA$2UNIMARC 912 $a000038315 951 $a332-E/61$b50189$cNAVA1$d2025 996 $aEconomy and interest$94404960 997 $aUNIPARTHENOPE